<?xml version="1.0" encoding="UTF-8"?>
<record
    xmlns:xsi="http://www.w3.org/2001/XMLSchema-instance"
    xsi:schemaLocation="http://www.loc.gov/MARC21/slim http://www.loc.gov/standards/marcxml/schema/MARC21slim.xsd"
    xmlns="http://www.loc.gov/MARC21/slim">

  <leader>00986nam a2200145Ia 4500</leader>
  <datafield tag="999" ind1=" " ind2=" ">
    <subfield code="c">27115</subfield>
    <subfield code="d">27115</subfield>
  </datafield>
  <datafield tag="041" ind1=" " ind2=" ">
    <subfield code="a">&#x939;&#x93F;&#x902;&#x926;&#x940;</subfield>
  </datafield>
  <datafield tag="082" ind1=" " ind2=" ">
    <subfield code="a">RP.0326</subfield>
  </datafield>
  <datafield tag="100" ind1=" " ind2=" ">
    <subfield code="a">&#x92A;&#x93E;&#x932;, &#x930;&#x93E;&#x91C;&#x947;&#x936; &#x915;&#x941;&#x92E;&#x93E;&#x930;</subfield>
    <subfield code="u">&#x917;&#x94B;&#x938;&#x94D;&#x935;&#x93E;&#x92E;&#x940; &#x924;&#x941;&#x932;&#x938;&#x940;&#x926;&#x93E;&#x938; &#x930;&#x93E;&#x91C;&#x915;&#x940;&#x92F; &#x938;&#x94D;&#x928;&#x93E;&#x924;&#x915;&#x94B;&#x924;&#x94D;&#x924;&#x930; &#x92E;&#x939;&#x93E;&#x935;&#x93F;&#x926;&#x94D;&#x92F;&#x93E;&#x932;&#x92F;</subfield>
  </datafield>
  <datafield tag="245" ind1=" " ind2="0">
    <subfield code="a">&#x938;&#x92A;&#x947;&#x930;&#x93E; &#x91C;&#x93E;&#x924;&#x93F; &#x915;&#x940; &#x938;&#x93E;&#x92E;&#x93E;&#x91C;&#x93F;&#x915;, &#x906;&#x930;&#x94D;&#x925;&#x93F;&#x915; &#x90F;&#x935;&#x902; &#x930;&#x93E;&#x91C;&#x928;&#x93F;&#x924;&#x93F;&#x915; &#x938;&#x94D;&#x924;&#x93F;&#x925;&#x93F; &#x915;&#x93E; &#x90F;&#x915; &#x905;&#x927;&#x94D;&#x92F;&#x92F;&#x928; :</subfield>
    <subfield code="b">&#x907;&#x932;&#x93E;&#x939;&#x93E;&#x92C;&#x93E;&#x926; &#x915;&#x947; &#x936;&#x902;&#x915;&#x930;&#x917;&#x922;&#x93C; &#x935;&#x93F;&#x915;&#x93E;&#x938;&#x916;&#x902;&#x921; &#x915;&#x947; &#x935;&#x93F;&#x936;&#x947;&#x937; &#x938;&#x902;&#x926;&#x930;&#x94D;&#x92D; &#x92E;&#x947;&#x902; / </subfield>
    <subfield code="c">&#x930;&#x93E;&#x91C;&#x947;&#x936; &#x915;&#x941;&#x92E;&#x93E;&#x930; &#x92A;&#x93E;&#x932;</subfield>
  </datafield>
  <datafield tag="260" ind1=" " ind2=" ">
    <subfield code="a">&#x928;&#x908; &#x926;&#x93F;&#x932;&#x94D;&#x932;&#x940; :</subfield>
    <subfield code="b">&#x92D;&#x93E;&#x930;&#x924;&#x940;&#x92F; &#x938;&#x93E;&#x92E;&#x93E;&#x91C;&#x93F;&#x915; &#x935;&#x93F;&#x91C;&#x94D;&#x91E;&#x93E;&#x928; &#x905;&#x928;&#x941;&#x938;&#x902;&#x927;&#x93E;&#x928; &#x92A;&#x930;&#x93F;&#x937;&#x926;,</subfield>
    <subfield code="c">2015</subfield>
  </datafield>
  <datafield tag="300" ind1=" " ind2=" ">
    <subfield code="a">212.p</subfield>
  </datafield>
  <datafield tag="650" ind1=" " ind2=" ">
    <subfield code="a">Political Status of Sapera Caste</subfield>
    <subfield code="z">India</subfield>
    <subfield code="z">Allahabad</subfield>
  </datafield>
  <datafield tag="650" ind1=" " ind2=" ">
    <subfield code="a">Economic Status of Sapera Caste</subfield>
  </datafield>
  <datafield tag="942" ind1=" " ind2=" ">
    <subfield code="2">ddc</subfield>
    <subfield code="c">BK</subfield>
  </datafield>
  <datafield tag="952" ind1=" " ind2=" ">
    <subfield code="0">0</subfield>
    <subfield code="1">0</subfield>
    <subfield code="2">ddc</subfield>
    <subfield code="4">0</subfield>
    <subfield code="7">1</subfield>
    <subfield code="8">IRP</subfield>
    <subfield code="a">NASSDOC</subfield>
    <subfield code="b">NASSDOC</subfield>
    <subfield code="d">2021-11-24</subfield>
    <subfield code="e">Gifted by: RP Division ICSSR</subfield>
    <subfield code="l">0</subfield>
    <subfield code="o">RP.0326</subfield>
    <subfield code="p">51747</subfield>
    <subfield code="r">2021-12-21 00:00:00</subfield>
    <subfield code="w">2021-12-21</subfield>
    <subfield code="y">RP</subfield>
  </datafield>
</record>
